Financial stability report (Record no. 108838)

MARC details
000 -LEADER
fixed length control field 01615cad a22002415a 4500
001 - CONTROL NUMBER
control field L145652
008 - FIXED-LENGTH DATA ELEMENTS--GENERAL INFORMATION
fixed length control field 081028e20081028xxkad f s 000 0 eng d
035 ## - SYSTEM CONTROL NUMBER
System control number (Sirsi) u145652
041 0# - LANGUAGE CODE
Language code of text/sound track or separate title eng
050 04 - LIBRARY OF CONGRESS CALL NUMBER
Classification number 332.6324 $2 18
110 2# - MAIN ENTRY--CORPORATE NAME
Corporate name or jurisdiction name as entry element Bank of England
9 (RLIN) 2779
245 00 - TITLE STATEMENT
Title Financial stability report
Remainder of title issue 24
Medium [electronic resource]
260 ## - PUBLICATION, DISTRIBUTION, ETC.
Place of publication, distribution, etc. London
Name of publisher, distributor, etc. Bank of England
Date of publication, distribution, etc. 2007
490 #0 - SERIES STATEMENT
Series statement Bank of England Financial Stability Report
Volume/sequential designation (24) 28 October 2008
505 2# - FORMATTED CONTENTS NOTE
Formatted contents note Visual summary -- Foreword -- Executive summary and introduction -- Contents -- An extended credit boom -- An adverse spiral develops -- Institutional risks materialise -- A system-wide response -- Near-term prospects for the financial system -- The medium-term agenda -- Annex, timeline of crisis events -- Complete book -- Other financial stability publications -- Index of charts and tables -- Glossary and other information
520 ## - SUMMARY, ETC.
Summary, etc. Discusses the turmoil in the international financial system in 2008. Looks at causes, outcomes (short and medium term) and links to other sources of information on the subject. Adresses future risks and suggests ways in which financial institutions must change to prevent a repeat of the current instability found across the sector.
590 ## - LOCAL NOTE (RLIN)
Local note KA NTK
650 24 - SUBJECT ADDED ENTRY--TOPICAL TERM
Topical term or geographic name entry element BANK OF ENGLAND FINANCIAL STABILITY REPORT
651 #4 - SUBJECT ADDED ENTRY--GEOGRAPHIC NAME
Geographic name United Kingdom
Chronological subdivision
690 ## - LOCAL SUBJECT ADDED ENTRY--TOPICAL TERM (OCLC, RLIN)
Topical term or geographic name as entry element PROPERTY-COMMERCIAL PROPERTY-COMMERCIAL PROPERTY FINANCE AND INVESTMENT
856 40 - ELECTRONIC LOCATION AND ACCESS
Uniform Resource Identifier <a href="https://www.bankofengland.co.uk/publications/fsr/2008/fsr24.htm">https://www.bankofengland.co.uk/publications/fsr/2008/fsr24.htm</a>
Public note View the item free of charge online at www.bankofengland.co.uk...
942 ## - ADDED ENTRY ELEMENTS (KOHA)
Suppress in OPAC 0
Holdings
Withdrawn status Lost status Source of classification or shelving scheme Damaged status Not for loan Home library Current library Shelving location Date acquired Total Checkouts Full call number Barcode Date last seen Copy number Price effective from Koha item type
    Dewey Decimal Classification     Virtual Virtual Online 28/10/2008   ONLINE PUBLICATION 145652-1001 06/08/2019 1 06/08/2019 Book